Statistics for All Joey Bada$$ Songs

Click here to take the quiz!

General Stats

  • This quiz has been taken 90 times
    (24 since last reset)
  • The average score is 22 of 101

Answer Stats

AlbumSong% Correct
1999Survival Tactics
73%
1999Waves
68%
B4.Da.$$Paper Trails
59%
1999Summer Knights
59%
ALL-AMERIKKKAN BADA$$Devastated
55%
ALL-AMERIKKKAN BADA$$Temptation
55%
1999Killuminati
50%
1999Hardknock
45%
2000Survivors Guilt
45%
2000Where I Belong
45%
2000Brand New 911
41%
B4.Da.$$Christ Conscious
41%
1999Snakes
41%
The Light PackThe Light
41%
2000Zipcodes
41%
1999Daily Routine
36%
Single #7Fallin'
36%
ALL-AMERIKKKAN BADA$$Good Morning Amerikkka
36%
ALL-AMERIKKKAN BADA$$Legendary
36%
1999Pennyroyal
36%
1999Righteous Minds
36%
ALL-AMERIKKKAN BADA$$Ring the Alarm
36%
ALL-AMERIKKKAN BADA$$Rockabye Baby
36%
2000Show Me
36%
Single #5THE REV3NGE
36%
1999World Domination
36%
ALL-AMERIKKKAN BADA$$Babylon
32%
1999Don't Front
32%
1999FromdaTombs
32%
ALL-AMERIKKKAN BADA$$Land of the Free
32%
2000Make Me Feel
32%
B4.Da.$$Save the Children
32%
Summer Knights95 Til' Infinity
27%
ALL-AMERIKKKAN BADA$$Amerikkkan Idol
27%
2000Eulogy
27%
ALL-AMERIKKKAN BADA$$For My People
27%
1999Funky Ho's
27%
2000Welcome Back
27%
1999Where It's At
27%
2000Written in the Stars
27%
2000Cruise Control
23%
B4.Da.$$Hazeus View
23%
2000Head High
23%
Summer KnightsHilary $wank
23%
B4.Da.$$Like Me
23%
B4.Da.$$No. 99
23%
The Light PackNo Explanation
23%
B4.Da.$$On & On
23%
The Light PackShine
23%
1999Suspect
23%
ALL-AMERIKKKAN BADA$$Y U Don't Love Me? (Miss Amerikkka)
23%
B4.Da.$$Big Dusty
18%
B4.Da.$$Curry Chicken
18%
B4.Da.$$Escape 120
18%
B4.Da.$$Greenbax (Interlude)
18%
RejexIntro
18%
Summer Knights#LongLiveSteelo
18%
B4.Da.$$O.C.B.
18%
B4.Da.$$Piece of Mind
18%
ALL-AMERIKKKAN BADA$$Super Predator
18%
2000The Baddest
18%
2000Wanna Be Loved
18%
B4.Da.$$Belly of the Beast
14%
B4.Da.$$Black Beetles
14%
Single #6Let It Breathe
14%
Summer Knights EPMy Jeep
14%
Summer KnightsMy Yout
14%
Summer KnightsSit N' Prey
14%
B4.Da.$$Teach Me
14%
Single #4Brooklyn's Own
9%
RejexDSL
9%
2000One of Us
9%
Single #3Ready
9%
B4.Da.$$Run Up On Ya
9%
Summer KnightsUnorthodox
9%
Summer KnightsAlowha
5%
Summer KnightsAmethyst Rockstar
5%
RejexCatharsis
5%
RejexIndubitable
5%
Single #2Lose Control
5%
Summer Knights EPMy Yout (Remix)
5%
Summer KnightsSorry Bonita
5%
Summer KnightsWord Is Bond
5%
Summer Knights47 Goonz
0%
RejexBlooming Blossoms
0%
Summer KnightsDeath of YOLO
0%
SingleEnter the Void
0%
RejexFantom
0%
RejexLittle Rachel
0%
RejexOG Killuminati
0%
RejexOh, Deer (Beddar Daze)
0%
RejexPantiE Raid
0%
Summer KnightsReign
0%
Summer KnightsRight on Time
0%
Summer KnightsSatellite
0%
RejexSilent Night
0%
Summer KnightsSweet Dreams
0%
RejexThat Gushy
0%
RejexThis Feelin'
0%
Summer KnightsTrap Door
0%
RejexUpDate
0%

Score Distribution

Percentile by Number Answered

Percent of People with Each Score

Your Score History

You have not taken this quiz since the last reset